Matematické metódy pre projektovanie robotizovaných technologických komplexov. Súčasť realizačného výstupu R-01 štátnej úlohy RVT A-05-117-803 /

Gespeichert in:
Bibliographische Detailangaben
1. Verfasser: Wessely, Emil
Weitere Verfasser: Šeminsky, Jaroslav
Format: Buch
Sprache:Slowakisch
Veröffentlicht: Prešov : VUKOV, 1990
Ausgabe:1. vyd.
Schriftenreihe:Robotizované technologické komplexy 6. diel
Online-Zugang: Volltext
Tags: Tag hinzufügen
Keine Tags, Fügen Sie den ersten Tag hinzu!

MARC

LEADER 00000nam a2200000 4500
003 SK-BrCVT
005 20220621142601.0
008 921204s1990 cs e ||||||slo d
035 |a CVTIDW0905741 
040 |b slo  |a CVTI SR 
041 0 |a slo 
044 |a cs 
080 |a 519.87  |2 UDC-MRF 
080 |a 744:681.3.06  |2 UDC-MRF 
080 |a 658.512.2:621.3.06 CAD  |2 UDC-MRF 
080 |a 681.3.06:007.52  |2 UDC-MRF 
080 |a 519.876.5  |2 UDC-MRF 
100 1 |a Wessely, Emil  |9 27787 
245 1 0 |a Matematické metódy pre projektovanie robotizovaných technologických komplexov. Súčasť realizačného výstupu R-01 štátnej úlohy RVT A-05-117-803 /  |c Autori: Emil Wessely, Jaroslav. Šeminsky 
250 |a 1. vyd. 
260 |a Prešov :  |b VUKOV,  |c 1990 
300 |a 39 s. :  |b lit., obr., tab. ; 
490 0 |a Robotizované technologické komplexy  |v 6. diel 
692 |a BA VD JM MM 
700 1 |a Šeminsky, Jaroslav.  |9 30478 
910 |b A532940 
974 |f Knihy 
992 |a AVS 
999 |c 53083  |d 53083